Operation Research An Introduction (Record no. 23745)

000 -LEADER
fixed length control field 00364nam a22001217a 4500
003 - CONTROL NUMBER IDENTIFIER
control field Nust
005 - DATE AND TIME OF LATEST TRANSACTION
control field 20170525113757.0
008 - FIXED-LENGTH DATA ELEMENTS--GENERAL INFORMATION
fixed length control field 140103b xxu||||| |||| 00| 0 eng d
010 ## - LIBRARY OF CONGRESS CONTROL NUMBER
LC control number 96-37160
020 ## - INTERNATIONAL STANDARD BOOK NUMBER
International Standard Book Number 0131889230
Terms of availability Available
040 ## - CATALOGING SOURCE
Original cataloging agency DLC
Language of cataloging DLC
Transcribing agency RCMS
082 ## - DEWEY DECIMAL CLASSIFICATION NUMBER
Edition number 8th, ed.
Classification number 003 TAH
100 ## - MAIN ENTRY--PERSONAL NAME
Personal name HAMDY A. TAHA
9 (RLIN) 1230
245 ## - TITLE STATEMENT
Title Operation Research An Introduction
Medium English
250 ## - EDITION STATEMENT
Edition statement 8th, ed.
260 ## - PUBLICATION, DISTRIBUTION, ETC.
Place of publication, distribution, etc. USA
Name of publisher, distributor, etc. Prentice-Hall, Inc.
Date of publication, distribution, etc. c2003.
300 ## - PHYSICAL DESCRIPTION
Extent xx, 813 p. :
Other physical details ill, ;
Dimensions 26 cm.
538 ## - SYSTEM DETAILS NOTE
Display text Shelf # 12, Row # 1, System Engineering. <br/>Shelf # 12, Row # 2, System Engineering.
650 ## - SUBJECT ADDED ENTRY--TOPICAL TERM
Topical term or geographic name entry element Computer Software
9 (RLIN) 1229
856 ## - ELECTRONIC LOCATION AND ACCESS
Materials specified Table of Contents Only.
942 ## - ADDED ENTRY ELEMENTS (KOHA)
Source of classification or shelving scheme
Koha item type Book
Call number prefix 003 TAH
Holdings
Withdrawn status Lost status Source of classification or shelving scheme Damaged status Not for loan Permanent Location Current Location Shelving location Date acquired Total Checkouts Full call number Barcode Date last seen Date last checked out Price effective from Koha item type
          NUST Baluchistan Campus (NBC) NUST Baluchistan Campus (NBC) General Stacks 05/12/2014   003TAH RCMS001027 05/12/2014   05/12/2014 Book
          School of Interdisciplinary Engineering and Sciences (SINES) School of Interdisciplinary Engineering and Sciences (SINES) General Stacks 01/03/2014 1 003TAH RCMS002567 05/27/2015 05/27/2015 01/03/2014 Book
© 2023 Central Library, National University of Sciences and Technology. All Rights Reserved.